书目信息 |
| 题名: |
画法几何及机械制图
|
|
| 作者: | ;湖南大学机械制图教研室 编 | |
| 分册: | ||
| 出版信息: | 长沙 湖南科学技术出版社 1981 |
|
| 页数: | 377页 | |
| 开本: | 25cm | |
| 丛书名: | ||
| 单 册: | ||
| 中图分类: | O185.2 | |
| 科图分类: | ||
| 主题词: | 画法几何 , 机械制图 , 几何 , 拓扑 | |
| 电子资源: | ||
| ISBN: | ||
| 000 | 00758nam0 2200277 45 | |
| 001 | 0181000416 | |
| 005 | 20040908090412.0 | |
| 010 | @dCNY2.50 | |
| 091 | @a15204.65 | |
| 100 | @a19950727d1981 em y0chiy0121 ea | |
| 101 | 0 | @achi |
| 102 | @aCN@b430000 | |
| 105 | @ay z 000yy | |
| 106 | @ar | |
| 200 | 10 | @a画法几何及机械制图@Ahua fa ji he ji ji xie zhi tu@f湖南大学机械制图教研室编 |
| 210 | @a长沙@c湖南科学技术出版社@d1981 | |
| 215 | @a377页@d25cm | |
| 606 | @a画法几何 | |
| 606 | @a机械制图 | |
| 606 | 0 | @a几何 |
| 606 | 0 | @a拓扑 |
| 690 | @aO185.2@v3 | |
| 711 | 02 | @a湖南大学机械制图教研室@Ahu nan da xue ji xie zhi tu jiao yan shi@4编 |
| 801 | 0 | @aCN@b上海图书馆@c20040524 |
| 801 | 2 | @aCN@bNLC@c20040524 |
| 905 | @dO185.2@e15@f1@b149859 | |
| 画法几何及机械制图/湖南大学机械制图教研室编.-长沙:湖南科学技术出版社,1981 |
| 377页;25cm |
| ISBN :CNY2.50 |
| ● |
| 相关链接 |
|
|
|
|
正题名:画法几何及机械制图
索取号:O185.2/15
 
预约/预借
| 序号 | 登录号 | 条形码 | 馆藏地/架位号 | 状态 | 备注 |
| 1 | 0140858 | 000406616 | 密集书库/ [索取号:O185.2/15] | 在馆 | |
| 2 | 0149859 | 001949342 | 密集书库/ [索取号:O185.2/15] | 在馆 | |
| 3 | 0149860 | 000406652 | 第三借阅区/ [索取号:O185.2/15] | 在馆 | |
| 4 | 0149861 | 202094811 | 第二样本阅览室/ [索取号:O185.2/15] | 在馆 |